000 01041nam a2200277 i 4500
001 000016122
003 DO-SdBNP
005 20251014115429.0
007 ta
008 100226s1987 dr 000 0 spa d
040 _aDO-SdBNP
_bspa
_cBNPHU
_erda
041 _aspa
082 4 _axxx
_bC389re
_222
100 1 _aCedeño Jiménez, Víctor Livio
_eautor
_4aut.
_936117
245 1 3 _aLa responsabilidad civil extracontractual en derecho francés y derecho dominicano /
_cVíctor Livio Cedeño Jiménez ; prefacio del profesor francés Boris Starck.
264 _aSanto Domingo, República Dominicana :
_bEditora de Colores,
_c1987.
300 _a399 páginas ;
_c21 cm.
336 _atexto
_btxt
_2rdacontent
337 _asin mediación
_bn
_2sin mediación
338 _avolumen
_bnc
_2rdacarrier
500 _aIncluye datos biográficos del autor en la contracubierta
500 _aIncluye notas al pie de las páginas
590 _aInventariado, 2025 /LP
700 1 _aStarck, Boris,
_eprefacio
_4pr.
_910288
942 _2ddc
_cLBS1
999 _c15662
_d15662